Vplyv technologických inovácií na konkurencieschopnosť malých a stredných podnikov bakalárska práca

Uložené v:
Podrobná bibliografia
Hlavný autor: Shcherbyna, Olena
Korporativný autor: Fakulta podnikového manažmentu EU. Katedra podnikovohospodárska
Ďalší autori: Grisáková, Nora, 1978-
Médium: Kniha
Jazyk:Slovak
Vydavateľské údaje: Bratislava 2025
Tagy: Pridať tag
Žiadne tagy, Buďte prvý, kto otaguje tento záznam!

MARC

LEADER 00000nbm a2200000 4500
001 0310051
005 20251209124619.9
041 0 |a slo 
044 |a SK 
245 1 0 |a Vplyv technologických inovácií na konkurencieschopnosť malých a stredných podnikov  |b bakalárska práca  |c Olena Shcherbyna ; školiteľ: Nora Grisáková 
264 1 |a Bratislava  |c 2025 
300 |a 70 s. 
100 1 |a Shcherbyna, Olena 
700 1 |a Grisáková, Nora, 1978- 
710 2 |a Fakulta podnikového manažmentu EU. Katedra podnikovohospodárska